LDR 01223naa#a2200253#i#450# 001 EN\\bibl\119802 005 20260418193757.6 011 ## _a0235-2524 100 ## _a20260407b2026####ek#y0engy0150####ca 102 ## _aRU 200 1# _aScientific aspirations: development of aquaculture at irrigation sites in the Volga-Don interrival region _eJournal article 210 1# _aMoscow _cANO Editorial Board Melioration and water management _d2026 215 ## _a4 с. 606 ## _aИхтиология и рыбоводство. 35.02.09 _aВодные биоресурсы и аквакультура. 35.03.08 _2local 608 ## _aJournal article _2local 675 ## _aРазведение отдельных видов рыб. Продукция рыбоводства в целом. 639.37 _z 686 ## _aРыбное хозяйство. 472 _2bbk 686 ## _aРыбное хозяйство. Рыболовство. 5633 _2tbk 686 ## _aОбщие вопросы сельского хозяйства. 68.01 _2grnti 700 #1 _aSchedrin _gVyacheslav Nikolaevich 700 #1 _aMedvedeva _gLyudmila Nikolaevna 700 #1 _aKupriyanov _gAndrey Aleksandrovich 700 #1 _aKupriyanova _gSvetlana Vyacheslavovna 856 4# _amivh.editorum.ru _u